000 03843nam a2200397 i 4500
001 74912
003 BD-RjUL
005 20211209082623.0
008 181220r20162014njua 001 0 eng d
020 _a9788126556847
035 _a(BD-RjUL)75130
040 _aDLC
_beng
_cDLC
_erda
_dDLC
_dBD-RjUL
041 _aeng
042 _apcc
082 0 0 _a547
_223
_bSOO 2016
100 1 _aSolomons, T. W. Graham.
_9226236
245 1 0 _aOrganic chemistry :
_binternational student version /
_cT.W. Graham Solomons, University of South Florida, Craig B. Fryhle, Pacific Lutheran University, Scott A. Snyder, Columbia University.
250 _a11th edition / Wiley student edition
264 1 _aHoboken, NJ ;
_aNew Delhi :
_bWiley,
_c2014 [Reprinted 2016].
300 _axxxiv, 1139, [25] pages :
_billustrations ;
_c28 cm
336 _atext
_2rdacontent
337 _aunmediated
_2rdamedia
338 _avolume
_2rdacarrier
500 _aIncludes index.
505 8 _aMachine generated contents note: 1.The Basics: Bonding and Molecular Structure 2. Families of Carbon Compounds : Functional Groups, Intermolecular Forces, and Infrared (IR) 3. An Introduction to Organic Reactions and Their Mechanisms: Acids and Bases 4. Nomenclature and Conformations of Alkanes and Cycloalkanes 5. Stereochemistry: Chiral Molecules 6. Ionic Reactions : Nucleophilic Substitution & Elimination Reactions of Alkyl Halides 7. Alkenes & Alkynes I: Properties & Synthesis. Elimination Reactions of Alkyl Halides 8. Alkenes & Alkynes II: Addition Reactions 9. Nuclear Magnetic Resonance and Mass Spectroscopy: Tools for Structure Determination 10. Radical Reactions 11. Alcohols & Ethers 12. Alcohols from Carbonyl Compounds : Oxidation-Reduction & Organometallic Compounds 13. Conjugated Unsaturated Systems 14. Aromatic Compounds 15. Reactions of Aromatic Compounds 16. Aldehydes & Ketones: Nucleophilic Addition to the Carbonyl Group 17. Carboxylic Acids and Their Derivatives: Nucleophilic Addition-Elimination at the Acyl Carbon 18. Reactions at the [alpha] Carbon of Carbonyl Compounds: Enols and Enolates 19. Condensation and Conjugate Addition Reactions of Carbonyl Compounds : More Chemistry of Enolates 20. Amines 21. Phenols & Aryl Halides: Nucleophilic Aromatic SubstitutionSpecial Topic G: Carbon-Carbon Bond-Forming and Other Reactions of Transition Metal Organometallic Compounds 22. Carbohydrates 23. Lipids 24. Amino Acids & Proteins 25. Nucleic Acids & Protein Synthesis .
520 _a"Now in a new edition, this book continues its tradition of excellence in teaching and preparing students for success in the organic classroom and beyond. A central theme of the authors' approach to organic chemistry is to emphasize the relationship between structure and reactivity. To accomplish this, the text is organized in a way that combines the most useful features of a functional group approach with one largely based on reaction mechanisms. Emphasizing mechanisms and their common aspects as often as possible, this book shows students what organic chemistry is, how it works, and what it does in living systems and the physical world around us"--
650 0 _aChemistry, Organic.
_9226237
650 7 _aSCIENCE / Chemistry / Organic.
_2bisacsh
_9226238
700 1 _aFryhle, Craig B.
_946201
700 1 _aSnyder, S. A.
_q(Scott A.)
_9226251
776 0 8 _iOnline version:
_aSolomons, T. W. Graham.
_tOrganic chemistry.
_b11th edition / T.W. Graham Solomons, University of South Florida, Craig B. Fryhle, Pacific Lutheran University, Scott A. Snyder, Columbia University.
_dHoboken, NJ : Wiley, 2013
_z9781118473672
_w(DLC) 2012049063
942 _2ddc
_cBK
999 _c74912
_d74912